History Quiz

Random History or Year Quiz

In Memoriam: 2008 Quiz Stats

 Plays Quiz Updated Jan 9, 2019

Support Sporcle.
Go Orange.
Score 0/40 Timer 12:00
0 Plays Today
% Correct
Bernie Mac
71%
Paul Newman
70.4%
Heath Ledger
69.8%
George Carlin
48.3%
Charlton Heston
39%
Isaac Hayes
37.2%
Tim Russert
35.4%
Estelle Getty
35.1%
Roy Scheider
25.3%
Bettie Page
21.7%
Dick Martin
20.3%
Harvey Korman
20.2%
Tony Snow
17.1%
Eartha Kitt
16.6%
Bobby Fischer
15.4%
Sydney Pollack
14.4%
Jim McKay
14.2%
Jerry Reed
12.6%
William F. Buckley Jr.
12.1%
Suzanne Pleshette
9.5%
% Correct
Bo Diddley
8.8%
Brad Renfro
8.5%
Sir Edmund Hillary
8%
Maharishi Mahesh Yogi
7.4%
Gene Upshaw
6.4%
Richard Widmark
6.1%
Jesse Helms
5.5%
Cyd Charisse
5%
Michael Crichton
4.7%
Studs Terkel
4%
Yves Saint Laurent
3.6%
Mark Felt
3.5%
David Foster Wallace
3.2%
Jeff Healey
3%
Odetta Holmes
2.4%
Anthony Minghella
1.9%
Paul Scofield
1.7%
Miriam Makeba
1.5%
Tony Hillerman
0.9%
Dith Pran
0.8%

You're not logged in!

Compare scores with friends on all Sporcle quizzes.
OR
Log In
Forgot?

From the Vault

Unpopulous Neighbors

by likesgeography

These neighbors won't break the bank if they all decide to come for dinner.
Remove Ads.
Support Sporcle.
Get the best of Sporcle when you Go Orange. This ad-free experience offers more features, more stats, and more fun while also helping to support Sporcle. Thank you for becoming a member.

Show Comments

Extras

Top Quizzes Today


Score Distribution

Your Account Isn't Verified!

In order to create a playlist on Sporcle, you need to verify the email address you used during registration. Go to your Sporcle Settings to finish the process.

Report this User

Report this user for behavior that violates our Community Guidelines.

Details: